000 01044nam a2200313 i 4500
003 EG-GICUC
005 20260324153618.0
008 260305s1891 Fr |||fr|||| 00| 0 ara d
040 _a EG-GICUC
_bfre
_c EG-GICUC
_d EG-GICUC
_erda
041 0 _aFre
082 0 4 _221
_a343.01044
_bGA . T
092 0 4 _221
099 _aLaw1 10 343.01044 GA . T 1891
100 1 _aGarraud, R
_eAuteur
245 1 0 _aTraitéThéorique Et PratiqueDuDroit Pénal Français.
_nTome Quatriène /
_cPar R. Garraud.
264 1 _aParis :
_bL. Larose Et Forcel,
_c1891.
264 3 _bContant-laguerre
300 _a702 صفحة;
_bإيضاحيات، صور، مثيليات ؛
_c24 سم
336 _2rda content
_atext
337 _2rda media
_aComputer
338 _2rda carrier
_aOnline Resource
546 _aTexte en français
650 1 _2qrmak
_aSciences Criminelles
_yFrance
650 1 _2qrmak
_aDroit Du pénal
651 1 _2qrmak
856 4 0 _uhttps://fll.law.cu.edu.eg/fulltext/bks/B10-08225.pdf
905 _a54
_eYara
942 _2ddc
_cBK
_e21
_n0
999 _c65031
_d65031